[Event "Open"]
[Site "Novosibirsk RUS"]
[Date "2001.07.20"]
[Round "2"]
[White "Vekshenkov,N"]
[Black "Botvinkov,A"]
[Result "1-0"]
[WhiteElo "2444"]
[BlackElo "2220"]

1.Nf3 Nf6 2.c4 g6 3.Nc3 Bg7 4.e4 O-O 5.d4 d6 6.Be2 e5 7.O-O Nc6 8.d5 Ne7
9.Nd2 Nd7 10.b4 f5 11.c5 Nf6 12.f3 f4 13.Ba3 g5 14.b5 Ng6 15.Nc4 Ne8 16.b6 axb6
17.cxb6 Rf6 18.bxc7 Qxc7 19.Qb3 h5 20.Rfc1 Qd8 21.Rab1 b5 22.Qxb5 Nh4 23.Qb6 Qe7
24.Qf2 Rg6 25.Nb6 Rxa3 26.Nxc8 Qd8 27.h3 Bh6 28.Qb6 Qxc8 29.Nb5  1-0

[Event "Czech Open"]
[Site "Pardubice CZE"]
[Date "2001.07.20"]
[Round "1"]
[White "Dub,Z"]
[Black "Bromberger,S"]
[Result "0-1"]
[WhiteElo "2280"]
[BlackElo "2353"]

1.d4 Nf6 2.Nf3 g6 3.c4 Bg7 4.Nc3 O-O 5.e4 d6 6.Be2 e5 7.O-O Nc6 8.d5 Ne7
9.b4 a5 10.Ba3 axb4 11.Bxb4 b6 12.a4 Re8 13.Qd3 Nd7 14.a5 c5 15.dxc6 Nxc6
16.Bxd6 Rxa5 17.Rxa5 Nxa5 18.Nd5 Nc5 19.Bxc5 bxc5 20.Qa3 Bf8 21.Rb1 Re6 22.Rb8 Ra6
23.Qb2 Nc6 24.Rb6 Nd4 25.Rxa6 Bxa6 26.Nxd4 cxd4 27.Qb6 Qxb6 28.Nxb6 f6 29.Kf1 Kf7
30.Bd3 Ke6 31.Nd5 Bb7 32.Ke2 Be7 33.Bc2 Bd8 34.Ba4 f5 35.f3 fxe4 36.fxe4 Ba6
37.Kd3 Kd6 38.Nb4 Bb7 39.Bb5 Kc5 40.Na6+ Kb6 41.Nb4 Bg5 42.Be8 Kc5 43.Nc2 Bf4
44.h3 Bc8 45.Ne1 Be6 46.Bb5 g5 47.Nf3 h6 48.Ng1 h5 49.Nf3 g4 50.hxg4 Bxg4
51.Nh4 Bd1 52.Be8 Bg3 53.Nf3 h4 54.Nd2 Bf4 55.Nf1 Bb3 56.Bf7 Ba2 57.Bd5 Kb4
58.Nd2 Bxd2 59.Kxd2 Bxc4 60.Bb7 Bf1  0-1

[Event "SCCF State Ch"]
[Site "Los Angeles USA"]
[Date "2001.07.21"]
[Round "5"]
[White "Altounian,L"]
[Black "Peters,Joh"]
[Result "1/2-1/2"]
[WhiteElo "2441"]
[BlackElo "2462"]

1.d4 Nf6 2.Nf3 g6 3.c4 Bg7 4.Nc3 d6 5.e4 O-O 6.Be2 e5 7.O-O Nc6 8.dxe5 Nxe5
9.Bf4 Nxf3+ 10.Bxf3 Nd7 11.Qd2 Nc5 12.Bh6 Bxh6 13.Qxh6 Re8 14.Rad1 Bd7 15.Rfe1 Re5
16.Qd2 a5 17.g3 Bc6 18.Bg2 Qf8 19.Re3 Rae8 20.Rde1 b6 21.f4 R5e6 22.Nd5 Bxd5
23.cxd5 R6e7 24.e5 Kh8 25.R1e2 Qg7 26.exd6 Rxe3 27.Rxe3 Rxe3 28.Qxe3 cxd6
29.Qe8+ Qg8 30.Qe7 Kg7 31.Qxd6 Qe8 32.h3 Qe3+ 33.Kh2 Nd3 34.Qc7 Ne1 35.d6 Nxg2
36.d7 Nxf4 37.gxf4 Qf2+  1/2-1/2

[Event "3rd Open"]
[Site "Patras GRE"]
[Date "2001.07.21"]
[Round "4"]
[White "Ovsejevitsch,S"]
[Black "Markidis,K"]
[Result "1/2-1/2"]
[WhiteElo "2529"]
[BlackElo "2342"]

1.d4 Nf6 2.c4 g6 3.Nc3 Bg7 4.e4 d6 5.Nf3 O-O 6.Be2 e5 7.O-O Nc6 8.d5 Ne7
9.Kh1 Kh8 10.a4 a5 11.Ne1 Neg8 12.Nd3 Nd7 13.Be3 Bh6 14.Bxh6 Nxh6 15.Qd2 Kg7
16.f4 f6 17.Nb5 Nf7 18.f5 Nc5 19.Nxc5 dxc5 20.Nc3 Nd6 21.Qc2 Bd7 22.Nd1 g5
23.Ra3 Qe8 24.Nf2 Rh8 25.Qd1 h5 26.Kg1 b6 27.b3 Qf7 28.Ra2 Be8 29.Rc2 Qe7
30.Rc3 Nf7 31.Rh3 h4 32.Ng4  1/2-1/2

[Event "COQ Open"]
[Site "Quebec CAN"]
[Date "2001.07.22"]
[Round "3"]
[White "Chabot,R"]
[Black "Chu,S"]
[Result "1-0"]
[WhiteElo "2225"]
[BlackElo "2020"]

1.d4 Nf6 2.c4 g6 3.Nc3 Bg7 4.e4 d6 5.Nf3 O-O 6.Be2 e5 7.O-O Nc6 8.d5 Ne7
9.Ne1 Nd7 10.Be3 f5 11.f3 f4 12.Bf2 g5 13.a4 Ng6 14.a5 Nf6 15.c5 Rf7 16.cxd6 cxd6
17.Nb5 g4 18.Bxa7 g3 19.Bb6 gxh2+ 20.Kxh2 Qe7 21.Rh1 Nh5 22.Kg1 Ng3 23.Rh2 Rf6
24.Nc7 Rb8 25.Nd3 Bd7 26.Nf2 Nh8 27.b4 Rh6 28.Rxh6 Bxh6 29.b5 Qh4 30.Ne6 Kf7
31.Rc1 Rc8 32.Rxc8 Bxc8 33.a6 bxa6 34.bxa6  1-0

[Event "Politiken Cup"]
[Site "Copenhagen DEN"]
[Date "2001.07.24"]
[Round "10"]
[White "Nielsen,Tor"]
[Black "Nielsen,Ni"]
[Result "0-1"]
[WhiteElo "2165"]
[BlackElo "2189"]

1.d4 Nf6 2.c4 g6 3.Nc3 Bg7 4.e4 d6 5.Be2 O-O 6.Nf3 e5 7.O-O Nc6 8.d5 Ne7
9.Bg5 h6 10.Bh4 Nh5 11.Ne1 Nf4 12.f3 f5 13.Nd3 g5 14.Bf2 Nxd3 15.Qxd3 f4
16.b4 Rf7 17.Rac1 Ng6 18.c5 Bf8 19.Rfd1 h5 20.cxd6 cxd6 21.a4 Bd7 22.Qc2 g4
23.Bb5 Bc8 24.Be2 Qg5 25.Qd2 Nh4 26.Kh1 Nxg2 27.Rg1 Ne3 28.Nb5 Rg7 29.Rc3 g3
30.Bxg3 Bh3 31.Bd3 h4 32.Be1 Qxg1+  0-1

[Event "Dutch Open"]
[Site "Dieren NED"]
[Date "2001.07.24"]
[Round "7"]
[White "Janssen,R"]
[Black "Smits,M"]
[Result "1-0"]
[WhiteElo "2437"]
[BlackElo "2249"]

1.Nf3 Nf6 2.c4 g6 3.Nc3 Bg7 4.d4 O-O 5.e4 d6 6.Be2 e5 7.O-O Nc6 8.d5 Ne7
9.b4 Nh5 10.Re1 h6 11.Nd2 Nf4 12.Bf1 f5 13.c5 fxe4 14.Ndxe4 Nf5 15.a4 Nd4
16.cxd6 cxd6 17.Nb5 Qh4 18.Ra3 Bg4 19.Qd2 Rac8 20.Nxd4 exd4 21.Nxd6 d3 22.g3 Nh3+
23.Bxh3 Qxh3 24.Rxd3 Rcd8 25.Nc4 Bf3 26.Rxf3 Rxf3 27.d6 Qf5 28.Ne5 Bxe5 29.Qd5+ Qf7
30.Qxe5 Rxf2 31.Bxh6 Rf5 32.Qe7 Qxe7 33.dxe7 Re8 34.h4 Rd5 35.Re4 Kf7 36.Bg5 Rd6
37.Kg2 Rg8 38.Rc4 Rd7 39.Kf3 Re8 40.Rf4+ Kg7 41.Ke4 Rexe7+ 42.Bxe7 Rxe7+
43.Kd5 Re3 44.g4 g5 45.hxg5 Kg6 46.Rf6+ Kxg5 47.Rf7 a5 48.Rxb7 Ra3 49.bxa5 Rxa4
50.Rb5 Kf6 51.Kc6  1-0

[Event "MTO"]
[Site "Biel SUI"]
[Date "2001.07.25"]
[Round "3"]
[White "Fish,G"]
[Black "Aarthie,R"]
[Result "1-0"]
[WhiteElo "2502"]
[BlackElo "2249"]

1.d4 Nf6 2.c4 g6 3.Nc3 Bg7 4.e4 d6 5.Nf3 O-O 6.Be2 e5 7.O-O Nc6 8.Be3 Ng4
9.Bg5 f6 10.Bc1 Nh6 11.dxe5 dxe5 12.Be3 Qxd1 13.Rfxd1 Be6 14.Nd5 Rac8 15.b4 Nf7
16.b5 Bxd5 17.Rxd5 Ncd8 18.c5 f5 19.Bc4 Kh8 20.Rd7 f4 21.Bd2 g5 22.h3 h5
23.Bc3 Bf6 24.g4 fxg3 25.fxg3 c6 26.b6 axb6 27.cxb6 g4 28.hxg4 hxg4 29.Nh4 Bxh4
30.gxh4 Kg7 31.Rf1  1-0

[Event "Open"]
[Site "Novosibirsk RUS"]
[Date "2001.07.25"]
[Round "7"]
[White "Pavlov,O"]
[Black "Yarkovich,V"]
[Result "1-0"]
[WhiteElo "2052"]
[BlackElo "2214"]

1.d4 Nf6 2.c4 g6 3.Nc3 Bg7 4.e4 d6 5.Nf3 O-O 6.Be2 e5 7.O-O Nc6 8.d5 Ne7
9.b4 a5 10.Ba3 axb4 11.Bxb4 Nd7 12.a4 Nc5 13.Bxc5 dxc5 14.Nd2 f5 15.a5 Bd7
16.Nb3 b6 17.d6 cxd6 18.Qxd6 Rf6 19.Qd2 Nc6 20.Nd5 Rd6 21.axb6 Rxa1 22.Rxa1 Bf8
23.Nxc5 Nd4 24.Nb7 Rxd5 25.Nxd8 Nf3+ 26.Bxf3 Rxd2 27.Rd1 Rb2 28.Rxd7 fxe4
29.Bxe4 Bc5 30.h3 Bxf2+ 31.Kh2 Bxb6 32.Bd5+ Kh8 33.Rb7 e4 34.Ne6 h5 35.Ng5 e3
36.Rh7+  1-0

[Event "EuChJun Girls"]
[Site "Patras GRE"]
[Date "2001.07.25"]
[Round "9"]
[White "Srebrnic,A"]
[Black "Motoc,A"]
[Result "1-0"]
[WhiteElo "2176"]
[BlackElo "2226"]

1.Nf3 Nf6 2.c4 g6 3.Nc3 Bg7 4.e4 d6 5.d4 O-O 6.Be2 e5 7.O-O Nc6 8.d5 Ne7
9.b4 Nd7 10.c5 dxc5 11.bxc5 Nxc5 12.Ba3 Nd7 13.Nb5 c5 14.dxc6 bxc6 15.Nd6 Bf6
16.Qc2 Qa5 17.Nc4 Qc7 18.Bd6 Qb7 19.Na5 Qb6 20.Nc4 Qb7 21.Rfd1 Nb6 22.Na5 Qd7
23.Rac1 Re8 24.Nb3 Qg4 25.Nxe5 Qg5 26.Nf3 Qh6 27.Nc5 g5 28.a4 g4 29.Ne1 Bg5
30.Rb1 Nd7 31.Na6 Rd8 32.g3 Nb6 33.Bc7 Rf8 34.a5 Nd7 35.Bd6 Qg6 36.Nc7 Rb8
37.Bxg4 Rxb1 38.Qxb1 Rd8 39.Be2 f5 40.Bc4+ Kh8 41.Ne6 Re8 42.Nxg5 Qxg5 43.Bf7 Rf8
44.Bxe7 Qxe7 45.Rxd7 Qf6 46.Rxa7 fxe4 47.Qxe4 Rxf7 48.Rxf7 Qxf7 49.Qd4+ Kg8
50.Qd8+ Qf8 51.Qxf8+ Kxf8 52.f4 Ke7 53.Kf2 Kd6 54.Ke3 Kc5 55.Nd3+ Kb5 56.Kd4 Bf5
57.Ne5 c5+ 58.Kc3 h5 59.Nf7 Kc6 60.Nh6 Bc8 61.Ng8 Ba6 62.Kd2 Bc4 63.Ne7+ Kd7
64.Nf5 Kc6 65.Ng7 Bf7 66.f5 Kd5 67.a6 Ke5 68.a7 Bd5 69.Nxh5 Kxf5 70.Nf4 Bb7
71.Kc3 Ke5 72.h4 Kf5 73.h5 Kg5 74.Kc4  1-0

[Event "MTO"]
[Site "Biel SUI"]
[Date "2001.07.26"]
[Round "4"]
[White "Rashkovsky,N"]
[Black "Jenni,F"]
[Result "1/2-1/2"]
[WhiteElo "2497"]
[BlackElo "2461"]

1.d4 Nf6 2.Nf3 g6 3.c4 Bg7 4.Nc3 O-O 5.e4 d6 6.Be2 e5 7.O-O Nc6 8.d5 Ne7
9.b4 Nh5 10.Re1 f5 11.Ng5 Nf6 12.Bf3 c6 13.Ba3 cxd5 14.cxd5 h6 15.Ne6 Bxe6
16.dxe6 fxe4 17.Bxe4 Nxe4 18.Nxe4 d5 19.b5 dxe4 20.Qxd8 Rfxd8 21.Bxe7 Re8
22.Bc5 Rxe6 23.Be3 a6 24.b6 Rd8 25.Rac1 Kf7 26.Rc7+ Re7 27.Bc5 Red7 28.g3 Bf8
29.Rxe4 Rxc7 30.bxc7 Rc8 31.Bb6 Bd6 32.Kg2 Ke6 33.Rg4 g5 34.h4  1/2-1/2

[Event "Keres Mem Open"]
[Site "Tallinn EST"]
[Date "2001.07.26"]
[Round "2"]
[White "Tsiganova,M"]
[Black "Lugovoi,A"]
[Result "0-1"]
[WhiteElo "2266"]
[BlackElo "2485"]

1.d4 Nf6 2.c4 g6 3.Nc3 Bg7 4.e4 d6 5.Nf3 O-O 6.Be2 e5 7.O-O Nc6 8.d5 Ne7
9.Ne1 Nd7 10.Be3 f5 11.f3 f4 12.Bf2 g5 13.Nd3 Nf6 14.c5 Ng6 15.Rc1 Rf7 16.b4 h5
17.Qb3 g4 18.Rc2 g3 19.hxg3 fxg3 20.Bxg3 h4 21.Bf2 Nh5 22.Rfc1 Bh6 23.Rb1 Rg7
24.Nd1 Ngf4 25.Ne3 Nxg2 26.Nxg2 h3 27.Bf1 hxg2 28.Bxg2 Bh3 29.Be1 Be3+ 30.Kf1 Rxg2
31.Rxg2+ Bxg2+ 32.Kxg2 Qg5+ 33.Kf1 Rf8 34.Qd1 Ng3+  0-1

[Event "Telecom Open"]
[Site "Pardubice CZE"]
[Date "2001.07.27"]
[Round "8"]
[White "Kutynec,V"]
[Black "Dobrowolski,P"]
[Result "1/2-1/2"]
[WhiteElo "2401"]
[BlackElo "2363"]

1.Nf3 g6 2.c4 Bg7 3.Nc3 d6 4.e4 Nf6 5.d4 O-O 6.Be2 e5 7.O-O Nc6 8.d5 Ne7
9.Ne1 Nd7 10.Be3 f5 11.f3 f4 12.Bf2 g5 13.a4 a5 14.Nd3 b6 15.b4 axb4 16.Nb5 Nf6
17.Be1 g4 18.Bxb4 Bd7 19.a5 Qb8 20.Kh1 Ng6 21.Qd2 gxf3 22.gxf3 Bh3 23.Rg1 Ne8
24.Bf1 Bd7 25.Nf2 Nh4 26.Ra3 bxa5 27.Bxa5 Qc8 28.Be2 Kh8 29.Bb4 Rxa3 30.Bxa3 Bf6
31.Ng4 Rg8 32.Nxf6 Rxg1+ 33.Kxg1 Nxf6 34.Qc3  1/2-1/2

[Event "Keres Mem Open"]
[Site "Tallinn EST"]
[Date "2001.07.27"]
[Round "4"]
[White "Akimov,I"]
[Black "Lybin,D"]
[Result "1/2-1/2"]
[WhiteElo "2300"]
[BlackElo "2434"]

1.d4 Nf6 2.c4 g6 3.Nf3 Bg7 4.Nc3 d6 5.e4 O-O 6.Be2 e5 7.O-O Nc6 8.d5 Ne7
9.Ne1 Nd7 10.f3 f5 11.g4 Kh8 12.Nd3 Ng8 13.Bd2 Bh6 14.h3 Qh4 15.Kg2 Bxd2
16.Qxd2 Ndf6 17.Qe1 Qh6 18.Qg3 Qe3 19.Qf2 Qh6 20.Qg3 Qe3 21.Qf2 Qh6 22.Qg3  1/2-1/2

[Event "Keres Mem Open"]
[Site "Tallinn EST"]
[Date "2001.07.28"]
[Round "6"]
[White "Akimov,I"]
[Black "Timoshin,J"]
[Result "0-1"]
[WhiteElo "2300"]
[BlackElo "2128"]

1.d4 Nf6 2.Nf3 g6 3.c4 Bg7 4.Nc3 O-O 5.e4 d6 6.Be2 e5 7.O-O Nc6 8.d5 Ne7
9.Ne1 Nd7 10.f3 f5 11.g4 a5 12.Nd3 b6 13.Bd2 Kh8 14.Kg2 Ng8 15.h3 Qe7 16.b3 Bh6
17.a3 Ba6 18.Nf2 Bxd2 19.Qxd2 Nc5 20.Qb2 a4 21.b4 Nb3 22.Rae1 Nd4 23.Bd3 Rf7
24.exf5 gxf5 25.Ne2 Nb3 26.Ng3 f4 27.Ne2 Qh4 28.Ne4 Nf6 29.N2c3 Nd4 30.Qf2 Qh6
31.Nxf6 Qxf6 32.Ne4 Qg7 33.Qh4 Nf5 34.Qf2 Ne3+ 35.Rxe3 fxe3 36.Qxe3 Rf4 37.Rc1 Raf8
38.Be2 Bc8 39.c5 bxc5 40.bxc5 Bf5 41.Ng3 Bg6 42.Rc4 Rd4 43.cxd6 cxd6 44.h4 Rxc4
45.Bxc4 Rc8 46.Bb5 Rc2+ 47.Kh3 Rc5 48.Bc6 Qf7 49.h5 Bc2 50.Qg5 Qf8 51.Qe3 Bd1
52.Nf5 Bc2 53.Nh6 Rc4 54.Bd7 Qf4 55.Qxf4 Rxf4 56.Bf5 Bxf5 57.Nxf5 Rxf3+ 58.Kh4 Rxa3
59.Nxd6 Kg8 60.g5 Rd3 61.Nf5 a3  0-1

[Event "Tan Lian Ann cup"]
[Site "Tianjin CHN"]
[Date "2001.07.28"]
[Round "14"]
[White "Wang Rui"]
[Black "Ding Linlin"]
[Result "1/2-1/2"]
[WhiteElo "2509"]
[BlackElo "2347"]

1.d4 Nf6 2.Nf3 g6 3.c4 Bg7 4.Nc3 O-O 5.e4 d6 6.Be2 e5 7.O-O Nc6 8.d5 Ne7
9.Ne1 Nd7 10.Be3 f5 11.f3 f4 12.Bf2 g5 13.Rc1 Rf6 14.Nd3 Rh6 15.c5 Qe8 16.cxd6 Qh5
17.h4 Ng6 18.Qe1 cxd6 19.Nb5 Ndf8 20.g4 fxg3 21.Bxg3 Nf4 22.Nf2 gxh4 23.Bxf4 exf4
24.Kh1 Bd7 25.Qb4 a5 26.Qb3 h3 27.Nc7 Rc8 28.Ne6 Rxe6 29.dxe6 Bxe6 30.Qxb7 Qg6
31.Ng4 Rxc1 32.Rxc1 h5 33.Nh6+ Qxh6 34.Rg1 Qf6 35.Qb5 Bxa2 36.b3 Qc3 37.Bc4+ Kh8
38.Qxh5+ Nh7 39.Qf5 a4 40.Qc8+ Nf8 41.Qxh3+ Nh7 42.Qc8+ Nf8  1/2-1/2

[Event "MTO"]
[Site "Biel SUI"]
[Date "2001.07.30"]
[Round "7"]
[White "Kolbus,D"]
[Black "Lichman,P"]
[Result "1/2-1/2"]
[WhiteElo "2310"]
[BlackElo "2126"]

1.Nf3 Nf6 2.c4 g6 3.Nc3 Bg7 4.e4 d6 5.d4 O-O 6.Be2 e5 7.O-O Nc6 8.d5 Ne7
9.Ne1 Nd7 10.Nd3 f5 11.f3 f4 12.a4 g5 13.a5 h5 14.h3 Rf7 15.Kf2 Bf8 16.Ke1 Rg7
17.Kd2 Ng6 18.Kc2 Nh4 19.Rg1 Nf6 20.Bd2 g4 21.hxg4 hxg4 22.Nf2 gxf3 23.gxf3 Nh5
24.Rxg7+ Bxg7 25.Nh1 Qe7 26.Qg1 Kf7 27.Qf2 Bf6 28.Rg1 Bd7 29.b4 b6 30.axb6 axb6
31.b5 Qf8 32.Kd3 Qh6 33.Qh2 Rh8 34.Bd1 Ng7 35.Qe2 Ne8 36.Nf2 Be7 37.Kc2 Nf6
38.Be1 Rg8 39.Rxg8 Kxg8 40.Nd3 Qg5 41.Qh2 Nh5 42.Bf2 Ng3 43.Ne1 Kf7 44.Kd3  1/2-1/2

[Event "Keres Mem Open"]
[Site "Tallinn EST"]
[Date "2001.07.31"]
[Round "9"]
[White "Smirnov,Ar"]
[Black "Karjakin,Sergei"]
[Result "1-0"]
[WhiteElo "2281"]
[BlackElo "2171"]

1.d4 Nf6 2.c4 g6 3.Nc3 Bg7 4.e4 d6 5.Nf3 O-O 6.Be2 e5 7.O-O Nc6 8.d5 Ne7
9.b4 Nh5 10.Re1 a5 11.bxa5 f5 12.Ng5 Nf4 13.Bxf4 exf4 14.Rc1 Rxa5 15.Bf3 Nxd5
16.Nxd5 Qxg5 17.Nxc7 fxe4 18.Rxe4 Be5 19.c5 Qe7 20.Qe1 b6 21.cxb6 Ra3 22.Qb4 Rxf3
23.gxf3 Bb7 24.Qb3+ Kh8 25.Ne6 Bxe4 26.Rc7 Qh4 27.Nxf8 Qg5+ 28.Kf1 d5 29.fxe4 f3
30.Rxh7+  1-0

[Event "Open"]
[Site "Korinthos GRE"]
[Date "2001.08.02"]
[Round "6"]
[White "Ovsejevitsch,S"]
[Black "Stoumbos,K"]
[Result "1-0"]
[WhiteElo "2529"]
[BlackElo "2217"]

1.d4 Nf6 2.c4 g6 3.Nc3 Bg7 4.e4 d6 5.Nf3 O-O 6.Be2 e5 7.O-O Nc6 8.d5 Ne7
9.Kh1 Kh8 10.a4 a5 11.Ne1 Neg8 12.Nd3 Nd7 13.g3 f5 14.exf5 gxf5 15.f4 e4
16.Nf2 Nc5 17.Be3 Nf6 18.Nb5 Bd7 19.Nd4 c6 20.Nb3 Na6 21.dxc6 Bxc6 22.Nd4 Bd7
23.Rg1 d5 24.g4 dxc4 25.Bxc4 Nb4 26.gxf5 Nbd5 27.Bxd5 Nxd5 28.Rxg7 Kxg7 29.Ne6+ Bxe6
30.Bd4+ Kf7 31.Qh5+ Ke7 32.Bc5+  1-0

[Event "FSGM August"]
[Site "Budapest HUN"]
[Date "2001.08.04"]
[Round "1"]
[White "Szeberenyi,A"]
[Black "Rajlich,V"]
[Result "1-0"]
[WhiteElo "2417"]
[BlackElo "2330"]

1.d4 Nf6 2.Nf3 g6 3.c4 Bg7 4.Nc3 O-O 5.e4 d6 6.Be2 e5 7.O-O Nc6 8.d5 Ne7
9.b4 Nh5 10.Re1 Nf4 11.Bf1 a5 12.bxa5 Rxa5 13.Nd2 c5 14.a4 Ra6 15.Ra3 Qd7
16.Nb5 g5 17.Nb1 g4 18.N1c3 h5 19.Bd2 f5 20.a5 Nfg6 21.exf5 Nxf5 22.Ne4 Nd4
23.Nxd4 exd4 24.Ng5 Qf5 25.Bd3 Qxf2+ 26.Kh1 Nh4 27.Rg1 Nf5 28.Rf1 Qh4 29.Rxf5 Bxf5
30.g3 Bxd3 31.Rxd3 Qxg5 32.Bxg5 Rxa5 33.Bf4 Be5 34.Qe1 Ra2 35.Qe4 Rf6 36.Rd2 Ra1+
37.Kg2 h4 38.Qe2 h3+ 39.Kf2 Bxf4 40.gxf4 Rxf4+ 41.Kg3 Rf3+ 42.Kxg4 Re3 43.Qf2 b5
44.Ra2 Rxa2 45.Qxa2 bxc4 46.Kg5 Kf7 47.Qxc4 Ke7 48.Qf1 Kd8 49.Qa6 Ke7 50.Qb7+ Ke8
51.Qc6+ Ke7 52.Qc7+ Ke8 53.Qxd6 d3 54.Qxc5 Re2 55.Kf6 Kd8 56.Qd6+ Kc8 57.Qc6+ Kd8
58.Qd6+ Kc8 59.Qg3 Kd8 60.Qb8+ Kd7 61.Qb7+ Kd8 62.d6 Rf2+ 63.Ke6 Re2+ 64.Kd5 Ke8
65.d7+ Ke7 66.Qc7  1-0

[Event "FSIMA August"]
[Site "Budapest HUN"]
[Date "2001.08.04"]
[Round "1"]
[White "Sinkovics,P"]
[Black "Zimmerman,Y"]
[Result "0-1"]
[WhiteElo "2301"]
[BlackElo "2346"]

1.d4 Nf6 2.Nf3 g6 3.c4 Bg7 4.Nc3 O-O 5.e4 d6 6.Be2 e5 7.O-O Nc6 8.d5 Ne7
9.b4 Nh5 10.Re1 a5 11.bxa5 c5 12.Nd2 Nf4 13.Bf1 Rxa5 14.a4 Ra6 15.Nb5 g5
16.Ra3 h6 17.g3 Nfg6 18.Bg2 f5 19.exf5 Nxf5 20.Qh5 Nge7 21.Ne4 Bd7 22.Bd2 Be8
23.Qd1 Kh8 24.a5 Ng6 25.Rb3 Qe7 26.Qb1 b6 27.Bh3 Bd7 28.Bxg5 hxg5 29.Nexd6 Nxd6
30.Bxd7 Qxd7 31.Qxg6 Nxc4 32.Qxg5 Nxa5 33.Rbb1 Nb7 34.Re4 Nd6 35.Rxe5 Nf5
36.Qh5+ Kg8 37.Qg4 Ra2 38.f4 Qf7 39.Nc3 Rc2 40.Rb3 Kh8 41.Qh3+ Kg8 42.Qg4 Nd4
43.Ra3 Nf3+  0-1

[Event "Open"]
[Site "Korinthos GRE"]
[Date "2001.08.04"]
[Round "8"]
[White "Miladinovic,I"]
[Black "Spasov,V"]
[Result "1/2-1/2"]
[WhiteElo "2496"]
[BlackElo "2569"]

1.d4 Nf6 2.c4 g6 3.Nc3 Bg7 4.e4 d6 5.Nf3 O-O 6.Be2 e5 7.O-O Nc6 8.d5 Ne7
9.Ne1 Nd7 10.Nd3 f5 11.f3 Kh8 12.g4  1/2-1/2

[Event "Inline Czechia Cup"]
[Site "Olomouc CZE"]
[Date "2001.08.04"]
[Round "4"]
[White "Szymanski,M"]
[Black "Kim,Se"]
[Result "1-0"]
[WhiteElo "2362"]
[BlackElo "2219"]

1.d4 Nf6 2.c4 g6 3.Nc3 Bg7 4.e4 d6 5.Nf3 O-O 6.Be2 e5 7.O-O Nc6 8.d5 Ne7
9.Ne1 Nd7 10.Be3 f5 11.f3 Kh8 12.b4 a5 13.a3 Ng8 14.c5 axb4 15.axb4 Rxa1
16.Qxa1 Ngf6 17.Nd3 Nh5 18.Qc1 Ndf6 19.Bh6 Bxh6 20.Qxh6 Ng8 21.Qd2 f4 22.Rc1 g5
23.Nf2 Nhf6 24.Nb5 h5 25.Qc3 g4 26.cxd6 cxd6 27.Qc7 g3 28.Nd3 gxh2+ 29.Kh1 Bg4
30.Nxd6 Qxc7 31.Rxc7 Ra8 32.fxg4 hxg4 33.Nf7+ Kg7 34.Nfxe5+ Kh6 35.Nxg4+  1-0

[Event "FSIMA August"]
[Site "Budapest HUN"]
[Date "2001.08.06"]
[Round "3"]
[White "Sinkovics,P"]
[Black "Erdelyi,Z"]
[Result "1/2-1/2"]
[WhiteElo "2301"]
[BlackElo "2230"]

1.d4 Nf6 2.Nf3 g6 3.c4 Bg7 4.Nc3 O-O 5.e4 d6 6.Be2 e5 7.O-O Nc6 8.d5 Ne7
9.b4 c6 10.Nd2 a5 11.bxa5 Qxa5 12.Nb3 Qxc3 13.Bd2 Qb2 14.Bc1 Qc3 15.Bd2 Qb2  1/2-1/2

[Event "US Open"]
[Site "Framingham USA"]
[Date "2001.08.06"]
[Round "3"]
[White "Danlag,D"]
[Black "Schmaltz,R"]
[Result "0-1"]
[WhiteElo "2077"]
[BlackElo "2528"]

1.d4 g6 2.Nf3 Bg7 3.c4 Nf6 4.Nc3 O-O 5.e4 d6 6.Be2 e5 7.O-O Nc6 8.d5 Ne7
9.Ne1 Nd7 10.Be3 f5 11.f3 f4 12.Bf2 g5 13.b4 Nf6 14.c5 h5 15.h3 Ng6 16.cxd6 cxd6
17.Rc1 Rf7 18.a4 Bh6 19.a5 g4 20.hxg4 hxg4 21.fxg4 Rh7 22.Rc2 Bg5 23.Nf3 Nxg4
24.Nxg5 Qxg5 25.Bxg4 Bxg4 26.Qc1 Qh5 27.Be1 Qh2+ 28.Kf2 Rh3  0-1

[Event "Stork YM"]
[Site "Hengelo NED"]
[Date "2001.08.06"]
[Round "1"]
[White "Berkvens,J"]
[Black "Efimenko,Z"]
[Result "0-1"]
[WhiteElo "2444"]
[BlackElo "2495"]

1.d4 Nf6 2.c4 g6 3.Nc3 Bg7 4.e4 d6 5.Nf3 O-O 6.Be2 e5 7.O-O Nc6 8.d5 Ne7
9.b4 Nh5 10.Re1 f5 11.Ng5 Nf6 12.f3 Nh5 13.c5 Nf4 14.Bc4 Kh8 15.Ne6 Bxe6
16.dxe6 fxe4 17.fxe4 Nc6 18.cxd6 cxd6 19.Nb5 Qe7 20.Qxd6 Qg5 21.Qd2 a6 22.Nc7 Nd4
23.Kh1 Rac8 24.e7 Qxe7 25.Nd5 Nxd5 26.Bxd5 Nc2 27.Rb1 Nxe1 28.Qxe1 Qd7 29.Be3 Qb5
30.Qd1 Rc3 31.Bc5 Rf6 32.Bxb7 Rd3 33.Qe2 Rb3  0-1

[Event "Magistral BCX"]
[Site "Brasilia BRA"]
[Date "2001.08.07"]
[Round "4"]
[White "Valle,A"]
[Black "Caldeira,A"]
[Result "1-0"]
[WhiteElo "2215"]
[BlackElo "2318"]

1.Nf3 Nf6 2.c4 g6 3.Nc3 Bg7 4.e4 O-O 5.d4 d6 6.Be2 e5 7.O-O Nc6 8.d5 Ne7
9.b4 a5 10.bxa5 Rxa5 11.Nd2 c5 12.a4 Ne8 13.Ra3 f5 14.Kh1 Nf6 15.exf5 gxf5
16.f4 e4 17.Nb5 Ng6 18.Bb2 Ra6 19.Qa1 Qe7 20.g3 Rf7 21.Re1 h5 22.Nf1 Ng4
23.Bxg4 hxg4 24.Bxg7 Rxg7 25.Ne3 Rh7 26.Re2 Kf7 27.Kg1 Nf8 28.Qc3 Qd8 29.Rb2 Kg6
30.Ra1 Nd7 31.a5 Nb8 32.Rba2 Ra8 33.Rb1 Na6 34.Nc2 Qe7 35.Nxd6 Nb4 36.Nxb4 Qxd6
37.Nc2 Ra6 38.Rab2 Qd8 39.Rb6+ Rxb6 40.Rxb6+ Kh5 41.Ne3 Rh6 42.Qg7  1-0

[Event "Inline Czechia Cup"]
[Site "Olomouc CZE"]
[Date "2001.08.07"]
[Round "8"]
[White "Szymanski,M"]
[Black "Tupy,M"]
[Result "1/2-1/2"]
[WhiteElo "2362"]
[BlackElo "2290"]

1.d4 Nf6 2.c4 g6 3.Nc3 Bg7 4.e4 d6 5.Nf3 O-O 6.Be2 e5 7.O-O Nc6 8.d5 Ne7
9.Ne1 Nd7 10.Be3 f5 11.f3 f4 12.Bf2 g5 13.g4 fxg3 14.hxg3 Ng6 15.Qd2 h5 16.Ng2 Bh6
17.b4 Kh7 18.c5 Nf6 19.Rac1 Rf7 20.a4 Rg7 21.c6 bxc6 22.dxc6 Bh3 23.Be3 Nf4
24.Rf2 Nxg2 25.Rxg2 Bxg2 26.Kxg2 Ng8 27.Rh1 Nf6 28.Nd5 h4 29.g4 Nxd5 30.Qxd5 Qg8
31.Qxg8+  1/2-1/2

[Event "FSIMA August"]
[Site "Budapest HUN"]
[Date "2001.08.08"]
[Round "5"]
[White "Sinkovics,P"]
[Black "Bognar,C"]
[Result "1/2-1/2"]
[WhiteElo "2301"]
[BlackElo "2238"]

1.d4 Nf6 2.Nf3 g6 3.c4 Bg7 4.Nc3 d6 5.e4 O-O 6.Be2 e5 7.O-O Nc6 8.d5 Ne7
9.Nd2 c6 10.Rb1 Nd7 11.b4 c5 12.Nb5 Qb6 13.Nb3 a6 14.bxc5 dxc5 15.Nc3 Qd8
16.Be3 b6 17.f3 Rb8 18.Rf2 Bb7 19.Bf1 Nc8 20.Rfb2 Nd6 21.Nd2 Qc7 22.Rb3 Ba8
23.Ra3 a5 24.Bd3 Bb7 25.Bc2 Ba6 26.Qe2 Rb7 27.Ba4 Nb8 28.Rab3 f5 29.R1b2 f4
30.Bf2 g5 31.Nb5 Bxb5 32.Bxb5 Bf6 33.Nb1 Bd8 34.Nc3 Rf7 35.Ba4 Rg7 36.Nb5 Nxb5
37.Bxb5 Qd6 38.Be1 Kf8 39.Ba4 Ra7 40.Bc3 Ra6 41.Rb1 Bc7 42.g4 h5 43.Bb5 Ra7
44.Qg2 h4 45.Qb2 Rg6 46.h3 Rh6 47.Ba4 Ra6 48.Be1 Ke7 49.Bf2 Rh8 50.Rd3 Rf8
51.Qa3 Rd8 52.Rdd1 Rh8 53.Rb5 Nd7 54.Rdb1 Rd8 55.Kg2 Rh8 56.Qc1 Rf8 57.Qe1 Rh8
58.Qg1 Rf8 59.R5b2 Nb8 60.Rxb6 Bxb6 61.Rxb6 Rxb6 62.Bxc5 Rb2+ 63.Kh1 Rc8
64.Bxd6+ Kxd6 65.Qa1 Rb4 66.Bb5 Nd7 67.a3 Rb3 68.Ba4 Rxf3 69.Bxd7 Rxc4 70.Qb2 Rxh3+
71.Kg1 Rg3+ 72.Kf1 Rf3+ 73.Ke2 Re3+ 74.Kf2 Kc5 75.Qb5+ Kd4 76.Qb6+ Rc5 77.Bf5 Rc3
78.Qb2 Rc4 79.Bd7 Kc5 80.Ba4 h3 81.Bb3 h2 82.Kg2 Rh3 83.Qf2+ Kd6 84.Qb6+ Kd7
85.Ba4+ Rxa4 86.Qc6+ Kd8 87.Kh1 Raxa3 88.Qd6+ Kc8 89.Qe6+ Kb7 90.Qc6+ Kb8
91.Qb6+ Kc8 92.Qe6+ Kb7 93.Qc6+ Kb8  1/2-1/2

[Event "Inline Czechia Cup"]
[Site "Olomouc CZE"]
[Date "2001.08.08"]
[Round "10"]
[White "Obsivac,J"]
[Black "Tupy,M"]
[Result "1-0"]
[WhiteElo "2361"]
[BlackElo "2290"]

1.d4 Nf6 2.c4 g6 3.Nc3 Bg7 4.e4 d6 5.Nf3 O-O 6.Be2 e5 7.O-O Nc6 8.d5 Ne7
9.b4 a5 10.Be3 Nh5 11.c5 Nf4 12.b5 dxc5 13.Bxc5 Re8 14.b6 cxb6 15.Be3 Bg4
16.Bb5 Rf8 17.Re1 Qd6 18.Rb1 Rac8 19.Na4 f5 20.h3 Bh5 21.Bxf4 exf4 22.e5 Qxd5
23.Nxb6 Qxd1 24.Rexd1 Bxf3 25.Nxc8 Rxc8 26.gxf3 Bxe5 27.Rd7 Kf8 28.Re1 Bf6
29.Rxb7 Rc2 30.Re2 Rc3 31.Kg2 g5 32.Rd2 Ng6 33.Rdd7 Be7 34.Ba4 Rc1 35.Bd1 Rc3
36.Kf1 Ra3 37.Bb3 a4 38.Be6  1-0

[Event "Slavonija Swiss"]
[Site "Vukovar CRO"]
[Date "2001.08.08"]
[Round "6"]
[White "Szuhanek,R"]
[Black "Feletar,D"]
[Result "1/2-1/2"]
[WhiteElo "2435"]
[BlackElo "2441"]

1.Nf3 Nf6 2.c4 g6 3.Nc3 Bg7 4.e4 O-O 5.d4 d6 6.Be2 e5 7.O-O Nc6 8.d5 Ne7
9.b4 Nh5 10.Re1 f5 11.Ng5 Nf6 12.Bf3 c6 13.Be3 Kh8 14.Qb3 h6 15.Ne6 Bxe6
16.dxe6 fxe4 17.Nxe4 Nxe4 18.Bxe4 Qc8 19.b5 Qxe6 20.Rad1 a6 21.bxc6 bxc6
22.Qb7 Rfb8 23.Qc7 d5 24.cxd5 cxd5 25.Bc5 dxe4 26.Qxe7 Qxe7 27.Bxe7 Rb2  1/2-1/2

[Event "12th Sueder Summer"]
[Site "Recklinghausen GER"]
[Date "2001.08.09"]
[Round "6"]
[White "Bischoff,K"]
[Black "Koscielski,J"]
[Result "0-1"]
[WhiteElo "2541"]
[BlackElo "2335"]

1.d4 Nf6 2.c4 g6 3.Nc3 Bg7 4.e4 d6 5.Be2 O-O 6.Nf3 e5 7.O-O Nc6 8.d5 Ne7
9.Ne1 Nd7 10.Nd3 f5 11.f3 f4 12.Bd2 h5 13.a4 g5 14.a5 Ng6 15.b4 Nf6 16.Nf2 Rf7
17.Ra3 Bf8 18.Be1 Rg7 19.h3 Nh8 20.Nb1 Nf7 21.Nd2 Nh6 22.Rc3 Qe8 23.c5 Qg6
24.cxd6 Bxd6 25.Nc4 g4 26.hxg4 hxg4 27.Nxd6 cxd6 28.Qc2 Bd7 29.fxg4 Nhxg4
30.Nxg4 Bxg4 31.Bxg4 Nxg4 32.Rff3 Rf8 33.Rc8 Rf7 34.Rcc3 Kg7 35.Bf2 a6 36.Bb6 Rh8
37.Rc7 Rf8 38.Rcc3 Nf6 39.Rc4 Rh8 40.Bf2 Rh5 41.Bb6 Qh6 42.Kf1 Rh1+ 43.Ke2 Qg6
44.Rf2 Rg1 45.Qd3 Rxg2 46.Rxg2 Qxg2+ 47.Bf2 Nh5  0-1